Schema canonum novi codicis iuris canonici
Gardado en:
| Autor Corporativo: | |
|---|---|
| Formato: | Libro |
| Idioma: | latín |
| Publicado: |
Ciudad del Vaticano
Typis polyglottis Vaticanis
1977
|
| Subjects: | |
| Tags: |
Engadir etiqueta
Sen Etiquetas, Sexa o primeiro en etiquetar este rexistro!
|
MARC
| LEADER | 00000nam a2200000 a 4500 | ||
|---|---|---|---|
| 001 | UCQ6403 | ||
| 003 | CL-VaPUC | ||
| 008 | 981016e19770000VC |||||||||||||||||lat|d | ||
| 082 | 0 | 4 | |a 262 |b PON |2 21 |
| 110 | 2 | |a Pontificia Commissio Codici Iuris Canonici Recognoscendo |e author |9 420281 | |
| 245 | 1 | 0 | |a Schema canonum novi codicis iuris canonici |
| 300 | |a 5 v | ||
| 942 | |c BK | ||
| 945 | |d 19981016 00:00:00 |a mvenant | ||
| 260 | |a Ciudad del Vaticano |b Typis polyglottis Vaticanis |c 1977 | ||
| 500 | |a v.1: De normis generalibus | ||
| 500 | |a v.2: De populo dei | ||
| 500 | |a v.3: De ecclesiae munere docendi | ||
| 500 | |a v.4: De ecclesiae munere sanctificandi | ||
| 500 | |a v.5: De iure patrimoniali ecclesiae | ||
| 650 | 7 | |a DERECHO CANONICO |2 CL-VaPUC |9 420282 | |
| 650 | 0 | |a Iglesia Católica |9 256114 | |
| 583 | |a last modification |c 19981016 00:00:00 |k Rodrigo Vera | ||
| 999 | |c 276363 |d 276361 | ||
| 952 | |0 0 |1 0 |4 0 |6 262_000000000000000_PON_1977 |7 0 |8 DER_HDC |9 313556 |a BIBDER |b BIBDER |d 2019-11-20 |h v.1 |i 3436330 |o 262 PON 1977 |p 3436330 |r 2023-01-25 |w 2019-11-20 |x Ubicación 4to Piso |y BK |z Estos recursos deben solicitarse con anticipación |k DER | ||
| 952 | |0 0 |1 0 |4 0 |6 262_000000000000000_PON_1977 |7 0 |8 DER_HDC |9 313557 |a BIBDER |b BIBDER |d 2019-11-20 |h v.2 |i 3469956 |o 262 PON 1977 |p 3469956 |r 2023-01-25 |w 2019-11-20 |x Ubicación 4to Piso |y BK |z Estos recursos deben solicitarse con anticipación |k DER | ||
| 952 | |0 0 |1 0 |2 ddc |4 0 |6 262_000000000000000_PON_1977 |7 0 |8 DER_HDC |9 313558 |a BIBDER |b BIBDER |d 2019-11-20 |h v.3 |i 3469964 |o 262 PON 1977 |p 3469964 |r 2023-01-25 |w 2019-11-20 |x Ubicación 4to Piso |y MX |z Estos recursos deben solicitarse con anticipación |k DER | ||
| 952 | |0 0 |1 0 |4 0 |6 262_000000000000000_PON_1977 |7 0 |8 DER_HDC |9 313559 |a BIBDER |b BIBDER |d 2019-11-20 |h v.4 |i 3469972 |o 262 PON 1977 |p 3469972 |r 2023-01-25 |w 2019-11-20 |x Ubicación 4to Piso |y BK |z Estos recursos deben solicitarse con anticipación |k DER | ||
| 952 | |0 0 |1 0 |2 ddc |4 0 |6 262_000000000000000_PON_1977 |7 0 |8 DER_HDC |9 313560 |a BIBDER |b BIBDER |d 2019-11-20 |i 3469980 |o 262 PON 1977 |p 3469980 |r 2023-01-25 |w 2019-11-20 |x Ubicación 4to Piso |y MX |z Estos recursos deben solicitarse con anticipación |k DER | ||